| 000 | 00381nam a2200133Ia 4500 | ||
|---|---|---|---|
| 005 | 20260328101522.0 | ||
| 008 | 260328s9999||||xx |||||||||||||| ||und|| | ||
| 100 | _aLupton, Ellen | ||
| 245 | 0 |
_aGraphic Design thinking : _b Beyond brainstorming / _cEllen Lupton |
|
| 260 | _bPrinceton Architectural Press | ||
| 300 | _a184 p. | ||
| 650 | _aDISEÑO INDUSTRIAL - ELEMENTOS | ||
| 942 | _cBK | ||
| 999 |
_c9639 _d9639 |
||